Normal view
MARC view
- Ahmed Khurshid
Entry Personal Name
001 - CONTROL NUMBER
- control field: 123497
003 - CONTROL NUMBER IDENTIFIER
- control field: NUST
005 - DATE AND TIME OF LATEST TRANSACTION
- control field: 20240611163315.0
008 - FIXED-LENGTH DATA ELEMENTS
- fixed length control field: 240611|| aca||aabn | a|a d
040 ## - CATALOGING SOURCE
- Original cataloging agency: NUST
- Transcribing agency: NUST
100 ## - HEADING--PERSONAL NAME
- Personal name: Ahmed Khurshid
670 ## - SOURCE DATA FOUND
- Source citation: Work cat.: (NUST): Ahmed Khurshid, Experimental and Numerical Studies of Blast, Fragmentation and Thermal Effects Mitigation of Energetic Materials Detonation/
